000 00283nam a22001217a 4500
003 OSt
008 250128b |||||||| |||| 00| 0 eng d
041 _aeng
100 _aDevamani, RS
_97010
245 _aHarvesting Equipment Developed in India
260 _bICAR,
_c1980.
942 _cBK
999 _c19158
_d19158